FOUNDATIONS OF COMPLEX ANALYSIS (Record no. 9485)

MARC details
000 -LEADER
fixed length control field 00517nam a22001697a 4500
003 - CONTROL NUMBER IDENTIFIER
control field SGT
020 ## - INTERNATIONAL STANDARD BOOK NUMBER
International Standard Book Number 9788173196294
082 ## - DEWEY DECIMAL CLASSIFICATION NUMBER
Classification number 515.9,PON
100 ## - MAIN ENTRY--PERSONAL NAME
Personal name PONNUSAMY S
245 ## - TITLE STATEMENT
Title FOUNDATIONS OF COMPLEX ANALYSIS
250 ## - EDITION STATEMENT
Edition statement 2ND
260 ## - PUBLICATION, DISTRIBUTION, ETC. (IMPRINT)
Place of publication, distribution, etc NEW DELHI
Name of publisher, distributor, etc NAROSA
Year of Publication 2015
300 ## - PAGE DESCRIPTION
No. of Pages 508
650 ## - SUBJECT ADDED ENTRY--TOPICAL TERM
Topical term or geographic name as entry element FUNCTIONS OF COMPLEX VARIABLES
653 ## - KEYWORDS--INDEX TERM
Keyword term COMPLEX NUMBER, FUNCTIONS,LIMIT AND CONTINUITY, ANALYTIC FUNCTIONS AND POWER SERIES, COMPLEX INTEGRATION, CALCULUS OF RESIDUES, MAPPING THEOREMS
942 ## - ADDED ENTRY ELEMENTS (KOHA)
Source of classification or shelving scheme Dewey Decimal Classification
Koha item type FPS Books
Holdings
Withdrawn status Lost status Source of classification or shelving scheme Damaged status Not for loan Collection code Home library Current library Shelving location Date acquired Vendor Name Cost, normal purchase price SGTU Bill Number Full call number Accession No. (Barcode) Date last seen Bill Date Koha item type
    Dewey Decimal Classification   Not For Loan SCIENCE SGT Science & Social Sciences Library SGT Science & Social Sciences Library Reference Book 05/07/2016 AHUJA BOOKS 450.00 SGTU 6680 515.9,PON PS1451 05/07/2016 03/03/2016 FPS Books